000 00854nam a22002297a 4500
005 20230512223523.0
008 190731t xxu||||| |||| 00| 0 eng d
040 _cCSPC
090 _aUTH BSFSM P174s
100 _aPalencia, Mary Wojtyla B.,
_eauthor.
245 0 0 _aSantan empanada
_cMary Wojtyla B. Palencia, Mae Ann M. Merilles, Ronald B. Tataro
260 _aNabua, Camarines Sur :
_bCamarines Sur Polytechnic Colleges ;
_c2017.
300 _a106 leaves
502 _aUndergraduate Thesis (BSFSM) - Food Service Management
_cCamarines Sur Polytechnic Colleges, 2017.
720 _aTataro, Marietta Almonte
_eadviser.
720 _aDimabogte, Hejie A.,
_epanelist, chair.
720 _aLorzano, Elsa E.,
_epanelist.
720 _aOdsinada, Cherry Lyn M.,
_epanelist.
940 _aLenie
942 _cUTH
_jUTH BSFSM P174s 2017
999 _c10236
_d10236